000 00179 a2200097 4500
020 _a9781490034560
041 _aspa
100 _aTisha Hamilton
245 _aMi libro
942 _cK
999 _c27553
_d27553